Na čem mi záleží

Bibliographic Details
Main Author: Beneš, Jiří, 1961- (Author)
Format: Article
Language:Slovak
Czech
Subjects:

MARC

LEADER 00000nab a2200000 a 4500
001 vtls009941213
003 SK-MaSNL
005 20260305001130.0
008 250506c2009 xo mr|p|||||||000 b|slo
015 |a SNBRB2009/08  |2 snkbucl 
035 |a (sysno)vtls009941213 
035 |a urn:nbn:sk:snk-ab70xk 
035 |a (uuid)9070b4e5-dfc4-4c92-a899-38ec6adee7c8 
035 |a (urnnbn)urn:nbn:sk:snk:ar-a06h2s 
038 |a SNKBUCL 
040 |a SNKBUCL  |b slo  |c SNKBUCL  |e AACR2 
041 0 |a cze 
044 |a xo  |c SK 
080 |a 26-23  |2 2001 
080 |a 27-232/236  |2 2001 
100 1 |a Beneš, Jiří,  |d 1961-  |4 aut  |9 99499 
245 1 0 |a Na čem mi záleží  |c Jiří Beneš 
650 0 7 |a biblické texty  |2 snkbucl  |9 1917 
650 0 7 |a publikácie  |2 snkbucl  |9 19587 
650 0 7 |a rozhlasové rozhovory  |2 snkbucl  |9 1576220 
655 7 |a recenzie  |2 snkbucl  |9 21907 
773 0 |t Evanjelikálny teologický časopis  |g Roč. VIII, č. 1 (2009), s. 71-73  |x 1336-1783 
787 0 8 |i Rec.:  |a Heller, Jan  |t Na čem mi záleží  |d Praha : Vyšehrad, 2009 
850 |a Slovenská národná knižnica 
852 |a Slovenská národná knižnica 
954 |a odborná, vedecká literatúra cudzojazyčná (svetová)  |2 lita 
954 |a odborná, vedecká literatúra pôvodná (slovenská)  |2 lita 
958 |a article27 
958 |a OND 
958 |a SK 
958 |a NT 
958 |a RC 
958 |a EUIPO 
999 |c 3217607  |d 3219537